Statistics for Top 10 Most Dangerous Cities To Travel Too.

Click here to take the quiz!

General Stats

  • This quiz has been taken 67 times
  • The average score is 6 of 10

Answer Stats

HintAnswer% Correct
4. IraqBaghdad
91%
3.AfghanistanKabul
86%
6. GuatemalaGuatemala City
83%
8. South AfricaCape Town
80%
10. VenezuelaCaracas
78%
7. BrazilRio de Janeiro
53%
2. PakistanKarachi
42%
9.MexicoCiudad Juarez
34%
1. HondurasSan Pedro Sula
31%
5. MexicoAcapulco
20%

Score Distribution

Percentile by Number Answered

Percent of People with Each Score

Your Score History

You have not taken this quiz